Les plus jeunes buteurs de la Coupe du Monde de Football - Statistiques

Statistiques générales
  • Ce quiz a été pris 94 fois
  • Le résultat moyen est 3 sur 12
Statistiques - réponses
Rang Age Match Joueur % Correct
12 19 ans et 183 jours France 1 - 0 Pérou (21/06/2018) Kylian Mbappé
90%
1 17 ans et 239 jours Brésil 1 - 0 Pays de Galles (19/06/1958) Pelé
89%
7 18 ans et 357 jours Argentine 6 - 0 Serbie-Monténégro (16/06/2006) Lionel Messi
71%
3 18 ans et 110 jours Espagne 7 - 0 Costa Rica (23/11/2022) Gavi
53%
4 18 ans et 190 jours Roumanie 2 - 1 Angleterre (22/06/1998) Michael Owen
33%
10 19 ans et 66 jours Belgique 1 - 0 Russie (22/06/2014) Divock Origi
7%
6 18 ans et 231 jours Belgique 3 - 2 Russie (14/06/2002) Dmitri Sytchev
2%
9 19 ans et 25 jours Belgique 2 - 1 Etats-Unis (01/07/2014) Julian Green
2%
8 18 ans et 364 jours Yougoslavie 2 - 1 Brésil (14/07/1930) Aleksandar Tirnanic
0%
11 19 ans et 92 jours Roumanie 3 - 1 Pérou (14/07/1930) Constantin Stanciu
0%
2 18 ans et 93 jours Argentine 6 - 3 Mexique (19/07/1930) Manuel Rosas
0%
5 18 ans et 197 jours Roumanie 3 - 1 Pérou (14/07/1930) Nicolae Kovacs
0%
Aucun quiz correspondant
Distribution des résultats
% des personnes avec chaque résultat
Percentile par nombre de réponses
Votre historique - résultats
Vous n’avez pas pris ce quiz